000 00660nam a2200277Ia 4500
005 20260324123743.0
008 008 260324s9999 xx 000 0 eng d
020 _a9781315218120
037 _aEBOOK
040 _aCRL
040 _beng
040 _cCRL
041 _2eng
041 _aeng
084 _qCRL
100 _aJian Cheng Lv; Zhang Yi; Jiliu Zhou
_91171520
245 0 _aSubspace Learning of Neural Networks
260 _bTaylor and Francis
260 _c2011
365 _a
365 _b275
856 _uhttp://www.taylorfrancis.com/books/9781315218120
942 _cEBOOK
999 _c1765308
_d1765308